Пропуск в контексте

Способы минимизации воздействия промышленных предприятий на окружающую среду Учебное пособие

Рассмотрены проблемы сырья энергии воды и отходов в промышленном производстве антропогенное воздействие промышленности на окружающую среду утилизация рекуперация и рециклинг некоторых видов отходов химии нефтехимии и нефтепереработки. Представлен материал по принципам создания малоотходных производс...

Полное описание

Сохранить в:
Библиографические подробности
Главный автор: Фролова Е.А
Формат: Учебное пособие
Online-ссылка:https://znanium.com/catalog/document?id=417527
https://znanium.com/cover/1903/1903525.jpg
Метки: Добавить метку
Нет меток, Требуется 1-ая метка записи!
LEADER 03174nam0a2200313 i 4500
001 RU\infra-m\znanium\bibl\1903525
003 https://znanium.com/catalog/document?id=417527
005 20231013000000.0
010 |a 978-5-9729-0881-3 
100 |a 20231013d2022 m y0rusy0150 ca 
101 0 |a rus 
102 |a RU 
200 1 |a Способы минимизации воздействия промышленных предприятий на окружающую среду  |e Учебное пособие  |f Иркутский государственный университет  |g Ярославский государственный технический университет 
210 1 |a Вологда  |c Инфра-Инженерия  |d 2022 
215 |a 208 с. 
330 |a Рассмотрены проблемы сырья энергии воды и отходов в промышленном производстве антропогенное воздействие промышленности на окружающую среду утилизация рекуперация и рециклинг некоторых видов отходов химии нефтехимии и нефтепереработки. Представлен материал по принципам создания малоотходных производств и некоторым аспектам разработки технологических схем. Разработаны основные стадии безопасного технологического процесса и основы проектирования с учетом окружающей среды а также производство продукта с учетом его жизненного цикла. Для студентов обучающихся по направлению 18.03.02 «Энерго- и ресурсосберегающие процессы в химической технологии нефтехимии и биотехнологии». 
333 |a ВО - Бакалавриат 
606 |a Науки о Земле. Экология  |x Отраслевая и прикладная экология  |2 local 
608 |a Учебное пособие  |2 local 
675 |a 502  |z rus 
675 |a 628  |z rus 
686 |a 306  |2 rubbk 
686 |a 18.03.02  |2 okso 
700 1 |a Фролова  |b Е.А.  |g Евгения Александровна  |p Иркутский государственный университет 
701 1 |a Калаева  |b С.З.  |g Сахиба Зияддиновна  |p Ярославский государственный технический университет 
712 0 2 |a Ярославский государственный технический университет 
801 0 |a RU  |b Общество с ограниченной ответственностью «ЗНАНИУМ»  |c 20220815  |2 rusmarc 
856 4 |a znanium.com  |m ebs_support@infra-m.ru  |n НИЦ ИНФРА-М  |u https://znanium.com/catalog/document?id=417527 
856 4 1 |a znanium.com  |d /cover/1903  |f 1903525.jpg  |q image/jpeg  |u https://znanium.com/cover/1903/1903525.jpg